| 000 | 00625nam a2200193Ia 4500 | ||
|---|---|---|---|
| 003 | GCL | ||
| 008 | 140319s9999 xx 000 0 ara d | ||
| 040 |
_aGCL / _cGCL |
||
| 082 | 0 | 4 |
_a810.8006 _bم م |
| 100 | 1 | _aمصطفى الشكعة | |
| 245 | 1 | 0 |
_aالمغرب والاندلس: افاق اسلامية وحضارة انسانية ومباحث ادبية / _cمصطفى الشكعة |
| 260 |
_a[S.N] : _bدار الكتب الاسلامية ، _c1987 |
||
| 300 | _a415 ص | ||
| 490 | _a | ||
| 650 | 0 | 4 | _aالادب العربى |
| 650 | 0 | 4 | _aالاندلس |
| 650 | 0 | 4 | _aالمغرب العربى |
| 942 |
_2ddc _cBK |
||
| 999 |
_c39371 _d39371 |
||